[Event "Quebec op U2000"]
[Site "Montreal"]
[Date "2012.07.22"]
[Round "2"]
[White "Millette, Sylvain"]
[Black "Campbell, Martin Alexandre"]
[Result "0-1"]
[WhiteElo "1666"]
[BlackElo "1764"]
[PlyCount "54"]
[EventDate "2012.07.21"]
[EventType "swiss"]
[EventRounds "9"]
[EventCountry "CAN"]
[SourceTitle "EXT 2022"]
[Source "ChessBase"]
[SourceDate "2021.10.06"]
[SourceVersion "1"]
[SourceVersionDate "2021.10.06"]
[SourceQuality "1"]

1. Nf3 d5 2. g3 c5 3. Bg2 Nc6 4. d4 cxd4 5. Nxd4 Nf6 6. 0-0 e6 7. c4 Bc5 8. Nxc6 bxc6 9. cxd5 cxd5 10. Nc3 0-0 11. Bg5 h6 12. Bxf6 Qxf6 13. Qc2 Bb6 14. e4 Ba6 15. Rfd1 dxe4 16. Nxe4 Qf5 17. Qa4 Bb7 18. Rf1 Rad8 19. Qc4 Rd4 20. Qxd4 Bxd4 21. Nd6 Qe5 22. Nxb7 Rc8 23. Rae1 Qc7 24. Rc1 Qxc1 25. Rxc1 Rxc1+ 26. Bf1 Rc2 27. Bd3 Rxb2 0-1

[Event "Mauricie-ch"]
[Site "Trois Rivieres"]
[Date "2007.03.18"]
[Round "5"]
[White "Campbell, Martin Alexandre"]
[Black "Robichaud, Louis"]
[Result "0-1"]
[WhiteElo "1763"]
[BlackElo "2180"]
[PlyCount "90"]
[EventDate "2007.03.16"]
[EventType "swiss"]
[EventRounds "5"]
[EventCountry "CAN"]
[SourceTitle "EXT 2022"]
[Source "ChessBase"]
[SourceDate "2021.10.06"]
[SourceVersion "1"]
[SourceVersionDate "2021.10.06"]
[SourceQuality "1"]

1. e4 e5 2. Nf3 Nc6 3. Bc4 Bc5 4. d3 Nf6 5. Nc3 d6 6. Be3 Bxe3 7. fxe3 Na5 8. Bb3 Nxb3 9. axb3 Ng4 10. Qe2 f6 11. h3 Nh6 12. Nh4 g6 13. Rf1 0-0 14. Qf2 c6 15. Qg3 Kh8 16. Rf3 g5 17. Nf5 Bxf5 18. exf5 d5 19. e4 d4 20. Nd1 b5 21. Nf2 Rg8 22. Ng4 Nf7 23. Ke2 h5 24. Nh2 a5 25. Rff1 Kh7 26. Qf3 Kh6 27. g4 h4 28. Ra2 Qb6 29. Rfa1 c5 30. Qf1 c4 31. bxc4 bxc4 32. Qe1 cxd3+ 33. cxd3 Qb3 34. Qd1 Qb5 35. Qd2 Rgc8 36. Rxa5 Rxa5 37. Rxa5 Qb7 38. Nf3 Nd6 39. Rd5 Nf7 40. b4 Rc3 41. Qb2 Qc7 42. Ne1 Nd6 43. Qa2 Nxe4 44. dxe4 Re3+ 45. Kf2 Qc3 0-1

[Event "Mauricie-ch"]
[Site "Trois Rivieres"]
[Date "2007.03.17"]
[Round "2"]
[White "Masse, Hugues"]
[Black "Campbell, Martin Alexandre"]
[Result "1/2-1/2"]
[WhiteElo "2260"]
[BlackElo "1763"]
[PlyCount "50"]
[EventDate "2007.03.16"]
[EventType "swiss"]
[EventRounds "5"]
[EventCountry "CAN"]
[SourceTitle "EXT 2022"]
[Source "ChessBase"]
[SourceDate "2021.10.06"]
[SourceVersion "1"]
[SourceVersionDate "2021.10.06"]
[SourceQuality "1"]

1. d4 d5 2. c4 c6 3. Nf3 Nf6 4. Nc3 g6 5. e3 Bg7 6. Be2 0-0 7. 0-0 b6 8. b4 dxc4 9. Bxc4 Bb7 10. Qb3 Nbd7 11. e4 c5 12. e5 Ne8 13. bxc5 Bxf3 14. gxf3 bxc5 15. Bxf7+ Rxf7 16. e6 Rxf3 17. exd7+ Kh8 18. dxe8Q+ Qxe8 19. Qc4 Rxc3 20. Qxc3 Bxd4 21. Qc4 Bxa1 22. Qxc5 Bf6 23. Bf4 Qd7 24. Rc1 Qg4+ 25. Bg3 h5 1/2-1/2

[Event "Mauricie op"]
[Site "Trois Rivieres"]
[Date "2005.03.20"]
[Round "5"]
[White "Sauve, Richard"]
[Black "Campbell, Martin Alexandre"]
[Result "1-0"]
[WhiteElo "2003"]
[BlackElo "1746"]
[PlyCount "87"]
[EventDate "2005.03.??"]
[EventType "swiss"]
[EventRounds "5"]
[EventCountry "CAN"]
[SourceTitle "EXT 2006"]
[Source "ChessBase"]
[SourceDate "2005.11.24"]
[SourceVersion "1"]
[SourceVersionDate "2005.11.24"]
[SourceQuality "1"]

1. d4 d5 2. c4 e6 3. Nc3 Nf6 4. cxd5 Nxd5 5. e4 Nxc3 6. bxc3 c5 7. Nf3 cxd4 8. cxd4 Bb4+ 9. Bd2 Bxd2+ 10. Qxd2 0-0 11. Be2 b6 12. 0-0 Bb7 13. Qe3 Nd7 14. Rac1 Rc8 15. Nd2 Nf6 16. f3 Rc7 17. Nb3 Qd7 18. Bb5 Qe7 19. Rxc7 Qxc7 20. Rc1 Qe7 21. Qc3 a6 22. Bd3 Rc8 23. Qd2 Rxc1+ 24. Qxc1 g6 25. Qf4 a5 26. Qb8+ Kg7 27. Qa7 Qc7 28. Ba6 Qc3 29. Qxb7 Qe1+ 30. Bf1 Qe3+ 31. Kh1 Nh5 32. Qc7 Qf2 33. Qc1 Qxa2 34. Nd2 Qa4 35. Qb2 Qd1 36. d5+ Kh6 37. d6 Nf6 38. Qxf6 Qxd2 39. Qh4+ Kg7 40. e5 g5 41. Qc4 Qd1 42. Qd3 Qxd3 43. Bxd3 Kf8 44. Bb5 1-0